000 00585nmm a2200193Ia 4500
008 251105s9999||||xx |||||||||||||||||und||
020 _a8497491807
041 _apor
100 _aSalinas Portugal, Francisco
245 0 _aEstudos galego-brasileiros 2
264 _a[Madrid, España] :
_bUniversidade da Coruña,
_c2006
300 _a450 páginas
490 _aMonografías
650 _aRomance language studies
700 _aSalinas Portugal, Francisco
700 1 _a Tavares Maleval, Mª do Amparo
856 _uhttps://public.digitaliapublishing.com/a/1105
942 _cCF
999 _c70975
_d70975